MENTORING IN SCHOOLS (Record no. 216815)

MARC details
000 -LEADER
fixed length control field 00435nam a22001457a 4500
008 - FIXED-LENGTH DATA ELEMENTS--GENERAL INFORMATION
fixed length control field 260309b |||||||| |||| 00| 0 eng d
020 ## - INTERNATIONAL STANDARD BOOK NUMBER
International Standard Book Number 978-178583523-0
100 ## - MAIN ENTRY--PERSONAL NAME
Personal name HUGHES, HAILI
245 ## - TITLE STATEMENT
Title MENTORING IN SCHOOLS
Remainder of title HOW TO BECOME AN EXPERT COLLEAGUE
260 ## - PUBLICATION, DISTRIBUTION, ETC.
Place of publication, distribution, etc. WALES
Name of publisher, distributor, etc. CROWN HOUSE PUBLISHING
Date of publication, distribution, etc. 2021
300 ## - PHYSICAL DESCRIPTION
Extent IX, 189P.
650 ## - SUBJECT ADDED ENTRY
Topical term or geographic name entry element MENTORING IN EDUCATION - EFFECTIVE TEACHING
942 ## - ADDED ENTRY ELEMENTS (KOHA)
Source of classification or shelving scheme Library of Congress Classification
Koha item type Long Loan Book
Holdings
Withdrawn status Lost status Source of classification or shelving scheme Damaged status Not for loan Collection Home library Current library Shelving location Date acquired Inventory number Total checkouts Full call number Barcode Date last seen Copy number Price effective from Koha item type
    Library of Congress Classification     Arts & Social Sciences Kisii University Library Kisii University Library On Display 03/09/2026 111612   LB 1731.4 .H84 2021 A000437 03/09/2026 1 03/09/2026 Long Loan Book
    Library of Congress Classification     Arts & Social Sciences Kisii University Library Kisii University Library On Display 03/09/2026 111613   LB 1731.4 .H84 2021 A000439 03/09/2026 2 03/09/2026 Long Loan Book
    Library of Congress Classification     Arts & Social Sciences Kisii University Library Kisii University Library On Display 03/09/2026 111614   LB 1731.4 .H84 2021 A000442 03/09/2026 3 03/09/2026 Long Loan Book
    Library of Congress Classification     Arts & Social Sciences Kisii University Library Kisii University Library On Display 03/09/2026 111615   LB 1731.4 .H84 2021 A000441 03/09/2026 4 03/09/2026 Long Loan Book
    Library of Congress Classification     Arts & Social Sciences Kisii University Library Kisii University Library On Display 03/09/2026 111616   LB 1731.4 .H84 2021 A000443 03/09/2026 5 03/09/2026 Long Loan Book